<?xml version="1.0" encoding="UTF-8"?>
<record
    xmlns:xsi="http://www.w3.org/2001/XMLSchema-instance"
    xsi:schemaLocation="http://www.loc.gov/MARC21/slim http://www.loc.gov/standards/marcxml/schema/MARC21slim.xsd"
    xmlns="http://www.loc.gov/MARC21/slim">

  <leader>00957nam a22002057a 4500</leader>
  <controlfield tag="005">20260421075305.0</controlfield>
  <datafield tag="020" ind1=" " ind2=" ">
    <subfield code="a">9781841136615</subfield>
    <subfield code="c">TZS 36,532.24</subfield>
  </datafield>
  <datafield tag="040" ind1=" " ind2=" ">
    <subfield code="a">MCCL</subfield>
    <subfield code="b">eng.</subfield>
    <subfield code="e">AACR 2nd rev. ed.</subfield>
  </datafield>
  <datafield tag="082" ind1=" " ind2=" ">
    <subfield code="a">342.044 GER </subfield>
  </datafield>
  <datafield tag="100" ind1=" " ind2=" ">
    <subfield code="a">Gerangelos, Peter A.</subfield>
  </datafield>
  <datafield tag="245" ind1=" " ind2=" ">
    <subfield code="a">The separation of powers and Legislative Interference in Judicial Process :</subfield>
    <subfield code="b">Constitutional Principles and Limitations</subfield>
    <subfield code="c">Peter A. Gerangelos</subfield>
  </datafield>
  <datafield tag="250" ind1=" " ind2=" ">
    <subfield code="a">1st ed.</subfield>
  </datafield>
  <datafield tag="260" ind1=" " ind2=" ">
    <subfield code="a">New Delhi ;</subfield>
    <subfield code="b">Mohan Law House ,</subfield>
    <subfield code="c">c2009.</subfield>
  </datafield>
  <datafield tag="300" ind1=" " ind2=" ">
    <subfield code="a">xxi, 338 p. :</subfield>
    <subfield code="b">ill. ;</subfield>
    <subfield code="c">23 cm.</subfield>
  </datafield>
  <datafield tag="504" ind1=" " ind2=" ">
    <subfield code="a">Includes Index</subfield>
  </datafield>
  <datafield tag="520" ind1=" " ind2=" ">
    <subfield code="a">This book examines the constitutional principles governing the relationship between legislatures and courts at that critical crossroads of their power where legislatures may seek to intervene in the judicial process, or to interfere with judicial function
</subfield>
  </datafield>
  <datafield tag="546" ind1=" " ind2=" ">
    <subfield code="a">eng.</subfield>
  </datafield>
  <datafield tag="650" ind1=" " ind2=" ">
    <subfield code="a">The separation of powers and Legislative Interference in Judicial Process</subfield>
  </datafield>
  <datafield tag="942" ind1=" " ind2=" ">
    <subfield code="c">BK</subfield>
  </datafield>
  <datafield tag="999" ind1=" " ind2=" ">
    <subfield code="c">12721</subfield>
    <subfield code="d">12721</subfield>
  </datafield>
  <datafield tag="952" ind1=" " ind2=" ">
    <subfield code="0">0</subfield>
    <subfield code="1">0</subfield>
    <subfield code="4">0</subfield>
    <subfield code="7">0</subfield>
    <subfield code="a">MU002</subfield>
    <subfield code="b">MU002</subfield>
    <subfield code="d">2011-01-01</subfield>
    <subfield code="e">RK Printing</subfield>
    <subfield code="l">0</subfield>
    <subfield code="o">342.044 GER</subfield>
    <subfield code="p">4</subfield>
    <subfield code="r">2026-04-21 07:54:54</subfield>
    <subfield code="t">001399</subfield>
    <subfield code="w">2026-04-21</subfield>
    <subfield code="y">BK</subfield>
  </datafield>
  <datafield tag="952" ind1=" " ind2=" ">
    <subfield code="0">0</subfield>
    <subfield code="1">0</subfield>
    <subfield code="4">0</subfield>
    <subfield code="7">0</subfield>
    <subfield code="a">MU002</subfield>
    <subfield code="b">MU002</subfield>
    <subfield code="d">2011-01-01</subfield>
    <subfield code="e">RK Printing</subfield>
    <subfield code="l">0</subfield>
    <subfield code="o">342.044 GER</subfield>
    <subfield code="p">5</subfield>
    <subfield code="r">2026-04-21 07:54:54</subfield>
    <subfield code="t">001400</subfield>
    <subfield code="w">2026-04-21</subfield>
    <subfield code="y">BK</subfield>
  </datafield>
</record>
